| 000 | 00848cam a22002411 4500 | ||
|---|---|---|---|
| 001 | sa 66000003 | ||
| 003 | DLC | ||
| 005 | 20260227112211.0 | ||
| 008 | 780727s1960 ii b o000 0 eng | ||
| 010 | _asa 66000003 | ||
| 035 | _a(OCoLC)4088466 | ||
| 040 |
_aDLC _cNcGrE _dDLC |
||
| 042 | _apremarc | ||
| 050 | 0 | 0 |
_aPN1582.I4 _bA8 |
| 110 | 2 | _aAndhra Pradesh Sangeeta Nataka Akademi. | |
| 245 | 1 | 0 |
_aMusic, dance & drama in Andhra Pradesh; _breport of the survey conducted by Andhra Pradesh Sangeeta Nataka Akademi, Hyderabad. _cEditors: A. R. Krishna [and] Srinivasa Chakravarty. |
| 250 | _a[1st ed. | ||
| 260 |
_aHyderabad, _c1960] |
||
| 300 |
_axiv, 357 p. _bfold. map _c22 cm. |
||
| 650 | 0 |
_aPerforming arts _zIndia _vDirectories. |
|
| 700 | 2 |
_aKrishna Sastri, A. R., _d1890-1968, _eed. |
|
| 700 | 1 |
_aChakravarty, Srinivasa, _d1911- , _eed. |
|
| 999 |
_c66975 _d66975 |
||